<?xml version="1.0" encoding="UTF-8"?>
<collection xmlns="http://www.loc.gov/MARC21/slim">
 <record>
  <leader>05648cam a2200913   4500</leader>
  <controlfield tag="001">88040681X</controlfield>
  <controlfield tag="003">DE-627</controlfield>
  <controlfield tag="005">20240216080549.0</controlfield>
  <controlfield tag="007">tu</controlfield>
  <controlfield tag="008">170217s2017    gw ||||| r    00| ||ger c</controlfield>
  <datafield tag="015" ind1=" " ind2=" ">
   <subfield code="a">17,N07</subfield>
   <subfield code="2">dnb</subfield>
  </datafield>
  <datafield tag="016" ind1="7" ind2=" ">
   <subfield code="a">1124795375</subfield>
   <subfield code="2">DE-101</subfield>
  </datafield>
  <datafield tag="020" ind1=" " ind2=" ">
   <subfield code="a">3805350929</subfield>
   <subfield code="c"> : (Festeinband : EUR 69.95 (DE), EUR 72.00 (AT))</subfield>
   <subfield code="9">3-8053-5092-9</subfield>
  </datafield>
  <datafield tag="020" ind1=" " ind2=" ">
   <subfield code="a">9783805350921</subfield>
   <subfield code="c"> : (Festeinband : EUR 69.95 (DE), EUR 72.00 (AT))</subfield>
   <subfield code="9">978-3-8053-5092-1</subfield>
  </datafield>
  <datafield tag="024" ind1="3" ind2=" ">
   <subfield code="a">9783805350921</subfield>
  </datafield>
  <datafield tag="035" ind1=" " ind2=" ">
   <subfield code="a">(DE-627)88040681X</subfield>
  </datafield>
  <datafield tag="035" ind1=" " ind2=" ">
   <subfield code="a">(DE-576)486752143</subfield>
  </datafield>
  <datafield tag="035" ind1=" " ind2=" ">
   <subfield code="a">(DE-599)DNB1124795375</subfield>
  </datafield>
  <datafield tag="035" ind1=" " ind2=" ">
   <subfield code="a">(OCoLC)972905028</subfield>
  </datafield>
  <datafield tag="035" ind1=" " ind2=" ">
   <subfield code="a">(OCoLC)986527902</subfield>
  </datafield>
  <datafield tag="040" ind1=" " ind2=" ">
   <subfield code="a">DE-627</subfield>
   <subfield code="b">ger</subfield>
   <subfield code="c">DE-627</subfield>
   <subfield code="e">rda</subfield>
  </datafield>
  <datafield tag="041" ind1=" " ind2=" ">
   <subfield code="a">ger</subfield>
  </datafield>
  <datafield tag="044" ind1=" " ind2=" ">
   <subfield code="c">XA-DE-HE</subfield>
  </datafield>
  <datafield tag="050" ind1=" " ind2="0">
   <subfield code="a">ND2580</subfield>
  </datafield>
  <datafield tag="082" ind1="0" ind2=" ">
   <subfield code="a">751.7309435609021</subfield>
   <subfield code="q">DE-101</subfield>
   <subfield code="2">22/ger</subfield>
  </datafield>
  <datafield tag="082" ind1="0" ind2="4">
   <subfield code="a">750</subfield>
   <subfield code="a">720</subfield>
   <subfield code="q">DE-101</subfield>
  </datafield>
  <datafield tag="082" ind1="0" ind2="4">
   <subfield code="a">940</subfield>
  </datafield>
  <datafield tag="084" ind1=" " ind2=" ">
   <subfield code="a">KUNST</subfield>
   <subfield code="q">DE-16</subfield>
   <subfield code="2">fid</subfield>
  </datafield>
  <datafield tag="084" ind1=" " ind2=" ">
   <subfield code="a">LK 83220</subfield>
   <subfield code="q">BVB</subfield>
   <subfield code="2">rvk</subfield>
   <subfield code="0">(DE-625)rvk/98473:</subfield>
  </datafield>
  <datafield tag="084" ind1=" " ind2=" ">
   <subfield code="a">LK 84302</subfield>
   <subfield code="q">BVB</subfield>
   <subfield code="2">rvk</subfield>
   <subfield code="0">(DE-625)rvk/98525:4</subfield>
  </datafield>
  <datafield tag="084" ind1=" " ind2=" ">
   <subfield code="a">21.11</subfield>
   <subfield code="2">bkl</subfield>
  </datafield>
  <datafield tag="084" ind1=" " ind2=" ">
   <subfield code="a">21.70</subfield>
   <subfield code="2">bkl</subfield>
  </datafield>
  <datafield tag="100" ind1="1" ind2=" ">
   <subfield code="a">Skriver, Anna</subfield>
   <subfield code="d">1967-</subfield>
   <subfield code="e">VerfasserIn</subfield>
   <subfield code="0">(DE-588)122864751</subfield>
   <subfield code="0">(DE-627)082201870</subfield>
   <subfield code="0">(DE-576)293453454</subfield>
   <subfield code="4">aut</subfield>
  </datafield>
  <datafield tag="245" ind1="1" ind2="0">
   <subfield code="a">Bildwelten - Weltbilder</subfield>
   <subfield code="b">romanische Wandmalerei in Westfalen ; ein Projekt der LWL-Denkmalpflege, Landschafts- und Baukultur in Westfalen</subfield>
   <subfield code="c">unter Leitung von Dirk Strohmann ; Anna Skriver und Katharina Heiling ; mit Beiträgen von Gerd Dethlefs, Helga Giersiepen, Leonhard Lamprecht, Roland Pieper, Dirk Strohmann</subfield>
  </datafield>
  <datafield tag="246" ind1="1" ind2=" ">
   <subfield code="i">Titel der DVD-Beilage</subfield>
   <subfield code="a">Bildwelten - Weltbilder, auf den Spuren romanischer Wandmalerei in Westfalen</subfield>
  </datafield>
  <datafield tag="264" ind1=" " ind2="1">
   <subfield code="a">Darmstadt</subfield>
   <subfield code="b">Verlag Philipp von Zabern, Wissenschaftliche Buchgesellschaft</subfield>
   <subfield code="c">2017</subfield>
  </datafield>
  <datafield tag="300" ind1=" " ind2=" ">
   <subfield code="a">XV, 800 Seiten</subfield>
   <subfield code="b">Illustrationen, Pläne, 1 Karte</subfield>
   <subfield code="c">29.7 cm x 21 cm</subfield>
   <subfield code="e">1 DVD-Video (12 cm)</subfield>
  </datafield>
  <datafield tag="336" ind1=" " ind2=" ">
   <subfield code="a">Text</subfield>
   <subfield code="b">txt</subfield>
   <subfield code="2">rdacontent</subfield>
  </datafield>
  <datafield tag="336" ind1=" " ind2=" ">
   <subfield code="a">unbewegtes Bild</subfield>
   <subfield code="b">sti</subfield>
   <subfield code="2">rdacontent</subfield>
  </datafield>
  <datafield tag="337" ind1=" " ind2=" ">
   <subfield code="a">ohne Hilfsmittel zu benutzen</subfield>
   <subfield code="b">n</subfield>
   <subfield code="2">rdamedia</subfield>
  </datafield>
  <datafield tag="338" ind1=" " ind2=" ">
   <subfield code="a">Band</subfield>
   <subfield code="b">nc</subfield>
   <subfield code="2">rdacarrier</subfield>
  </datafield>
  <datafield tag="490" ind1="1" ind2=" ">
   <subfield code="a">Denkmalpflege und Forschung in Westfalen</subfield>
   <subfield code="v">Band 53</subfield>
  </datafield>
  <datafield tag="500" ind1=" " ind2=" ">
   <subfield code="a">Literaturverzeichnis: Seite 777-793</subfield>
  </datafield>
  <datafield tag="583" ind1="1" ind2=" ">
   <subfield code="a">Archivierung/Langzeitarchivierung gewährleistet</subfield>
   <subfield code="f">FID</subfield>
   <subfield code="2">pdager</subfield>
   <subfield code="5">DE-16</subfield>
  </datafield>
  <datafield tag="650" ind1=" " ind2="0">
   <subfield code="a">Mural painting and decoration, Romanesque</subfield>
   <subfield code="z">Germany</subfield>
   <subfield code="z">North Rhine-Westphalia</subfield>
   <subfield code="v">Catalogs</subfield>
  </datafield>
  <datafield tag="650" ind1=" " ind2="0">
   <subfield code="a">Christian art and symbolism</subfield>
   <subfield code="z">Germany</subfield>
   <subfield code="z">North Rhine-Westphalia</subfield>
   <subfield code="x">History</subfield>
   <subfield code="y">To 1500</subfield>
   <subfield code="v">Catalogs</subfield>
  </datafield>
  <datafield tag="650" ind1=" " ind2="0">
   <subfield code="a">Church decoration and ornament</subfield>
   <subfield code="x">Conservation and restoration</subfield>
   <subfield code="z">Germany</subfield>
   <subfield code="z">North Rhine-Westphalia</subfield>
  </datafield>
  <datafield tag="650" ind1=" " ind2="0">
   <subfield code="a">Church architecture</subfield>
   <subfield code="z">Germany</subfield>
   <subfield code="z">North Rhine-Westphalia</subfield>
   <subfield code="x">History</subfield>
   <subfield code="y">To 1500</subfield>
  </datafield>
  <datafield tag="651" ind1=" " ind2="0">
   <subfield code="a">North Rhine-Westphalia (Germany)</subfield>
   <subfield code="x">Buildings, structures, etc</subfield>
  </datafield>
  <datafield tag="655" ind1=" " ind2="7">
   <subfield code="a">Verzeichnis</subfield>
   <subfield code="0">(DE-588)4188171-0</subfield>
   <subfield code="0">(DE-627)105266639</subfield>
   <subfield code="0">(DE-576)210051078</subfield>
   <subfield code="2">gnd-content</subfield>
  </datafield>
  <datafield tag="689" ind1="0" ind2="0">
   <subfield code="d">g</subfield>
   <subfield code="0">(DE-588)4065781-4</subfield>
   <subfield code="0">(DE-627)106117122</subfield>
   <subfield code="0">(DE-576)209160667</subfield>
   <subfield code="a">Westfalen</subfield>
   <subfield code="2">gnd</subfield>
  </datafield>
  <datafield tag="689" ind1="0" ind2="1">
   <subfield code="d">s</subfield>
   <subfield code="0">(DE-588)4073436-5</subfield>
   <subfield code="0">(DE-627)104791268</subfield>
   <subfield code="0">(DE-576)209190450</subfield>
   <subfield code="a">Kirchenbau</subfield>
   <subfield code="2">gnd</subfield>
  </datafield>
  <datafield tag="689" ind1="0" ind2="2">
   <subfield code="d">s</subfield>
   <subfield code="0">(DE-588)4064542-3</subfield>
   <subfield code="0">(DE-627)106123068</subfield>
   <subfield code="0">(DE-576)20915411X</subfield>
   <subfield code="a">Wandmalerei</subfield>
   <subfield code="2">gnd</subfield>
  </datafield>
  <datafield tag="689" ind1="0" ind2="3">
   <subfield code="d">s</subfield>
   <subfield code="0">(DE-588)4050482-7</subfield>
   <subfield code="0">(DE-627)106181904</subfield>
   <subfield code="0">(DE-576)209087595</subfield>
   <subfield code="a">Romanik</subfield>
   <subfield code="2">gnd</subfield>
  </datafield>
  <datafield tag="689" ind1="0" ind2="4">
   <subfield code="a">z</subfield>
   <subfield code="2">gnd</subfield>
   <subfield code="a">Geschichte 1160-1270</subfield>
  </datafield>
  <datafield tag="689" ind1="0" ind2=" ">
   <subfield code="5">DE-101</subfield>
  </datafield>
  <datafield tag="700" ind1="1" ind2=" ">
   <subfield code="a">Heiling, Katharina</subfield>
   <subfield code="d">1975-</subfield>
   <subfield code="e">VerfasserIn</subfield>
   <subfield code="0">(DE-588)136876986</subfield>
   <subfield code="0">(DE-627)694732036</subfield>
   <subfield code="0">(DE-576)301322082</subfield>
   <subfield code="4">aut</subfield>
  </datafield>
  <datafield tag="700" ind1="1" ind2=" ">
   <subfield code="a">Dethlefs, Gerd</subfield>
   <subfield code="d">1958-</subfield>
   <subfield code="e">VerfasserIn von ergänzendem Text</subfield>
   <subfield code="0">(DE-588)110569660</subfield>
   <subfield code="0">(DE-627)484455400</subfield>
   <subfield code="0">(DE-576)164436707</subfield>
   <subfield code="4">wst</subfield>
  </datafield>
  <datafield tag="700" ind1="1" ind2=" ">
   <subfield code="a">Giersiepen, Helga</subfield>
   <subfield code="d">1959-</subfield>
   <subfield code="e">VerfasserIn von ergänzendem Text</subfield>
   <subfield code="0">(DE-588)172097185</subfield>
   <subfield code="0">(DE-627)697008002</subfield>
   <subfield code="0">(DE-576)132970392</subfield>
   <subfield code="4">wst</subfield>
  </datafield>
  <datafield tag="700" ind1="1" ind2=" ">
   <subfield code="a">Lamprecht, Leonhard</subfield>
   <subfield code="d">1963-</subfield>
   <subfield code="e">VerfasserIn von ergänzendem Text</subfield>
   <subfield code="0">(DE-588)188360573</subfield>
   <subfield code="0">(DE-627)699290724</subfield>
   <subfield code="0">(DE-576)135233399</subfield>
   <subfield code="4">wst</subfield>
  </datafield>
  <datafield tag="700" ind1="1" ind2=" ">
   <subfield code="a">Pieper, Roland</subfield>
   <subfield code="d">1961-</subfield>
   <subfield code="e">VerfasserIn von ergänzendem Text</subfield>
   <subfield code="0">(DE-588)121774619</subfield>
   <subfield code="0">(DE-627)081525958</subfield>
   <subfield code="0">(DE-576)292878311</subfield>
   <subfield code="4">wst</subfield>
  </datafield>
  <datafield tag="700" ind1="1" ind2=" ">
   <subfield code="a">Strohmann, Dirk</subfield>
   <subfield code="d">1958-</subfield>
   <subfield code="e">VerfasserIn von ergänzendem Text</subfield>
   <subfield code="e">HerausgeberIn</subfield>
   <subfield code="0">(DE-588)109969014</subfield>
   <subfield code="0">(DE-627)474744817</subfield>
   <subfield code="0">(DE-576)28965842X</subfield>
   <subfield code="4">wst</subfield>
   <subfield code="4">edt</subfield>
  </datafield>
  <datafield tag="710" ind1="2" ind2=" ">
   <subfield code="a">LWL-Denkmalpflege, Landschafts- und Baukultur in Westfalen</subfield>
   <subfield code="e">Herausgebendes Organ</subfield>
   <subfield code="0">(DE-588)1024460924</subfield>
   <subfield code="0">(DE-627)719905761</subfield>
   <subfield code="0">(DE-576)368498727</subfield>
   <subfield code="4">isb</subfield>
  </datafield>
  <datafield tag="787" ind1="0" ind2="8">
   <subfield code="i">Rezensiert in</subfield>
   <subfield code="a">Marx, Petra, 1966 - </subfield>
   <subfield code="t">[Rezension von: Anna Skriver, Katharina Heiling, Bildwelten - Weltbilder]</subfield>
   <subfield code="d">2018</subfield>
   <subfield code="w">(DE-627)1787929736</subfield>
  </datafield>
  <datafield tag="830" ind1=" " ind2="0">
   <subfield code="a">Denkmalpflege und Forschung in Westfalen</subfield>
   <subfield code="v">Band 53</subfield>
   <subfield code="9">53</subfield>
   <subfield code="w">(DE-627)129951021</subfield>
   <subfield code="w">(DE-576)015523136</subfield>
   <subfield code="w">(DE-600)402644-5</subfield>
   <subfield code="x">0175-2839</subfield>
   <subfield code="7">ns</subfield>
  </datafield>
  <datafield tag="856" ind1="4" ind2="2">
   <subfield code="u">http://d-nb.info/1124795375/04</subfield>
   <subfield code="m">B:DE-101</subfield>
   <subfield code="q">pdf/application</subfield>
   <subfield code="v">20170511003401</subfield>
   <subfield code="x">Verlag</subfield>
   <subfield code="3">Inhaltsverzeichnis</subfield>
  </datafield>
  <datafield tag="935" ind1=" " ind2=" ">
   <subfield code="i">Blocktest</subfield>
  </datafield>
  <datafield tag="936" ind1="r" ind2="v">
   <subfield code="a">LK 83220</subfield>
   <subfield code="b">Freskomalerei, Wandmalerei</subfield>
   <subfield code="k">Kunstgeschichte</subfield>
   <subfield code="k">Kunst nach Ländern bzw. Kontinenten</subfield>
   <subfield code="k">Deutschland</subfield>
   <subfield code="k">Deutsche Kunstgeschichte nach Gattungen</subfield>
   <subfield code="k">Malerei</subfield>
   <subfield code="k">Materialien und Techniken einzelner Gattungen und ihre Geschichte</subfield>
   <subfield code="k">Freskomalerei, Wandmalerei</subfield>
   <subfield code="0">(DE-627)1270703250</subfield>
   <subfield code="0">(DE-625)rvk/98473:</subfield>
   <subfield code="0">(DE-576)200703250</subfield>
  </datafield>
  <datafield tag="936" ind1="r" ind2="v">
   <subfield code="a">LK 84302</subfield>
   <subfield code="b">romanisch</subfield>
   <subfield code="k">Kunstgeschichte</subfield>
   <subfield code="k">Kunst nach Ländern bzw. Kontinenten</subfield>
   <subfield code="k">Deutschland</subfield>
   <subfield code="k">Deutsche Kunstgeschichte nach Gattungen</subfield>
   <subfield code="k">Malerei</subfield>
   <subfield code="k">Geschichte der deutschen Malerei nach Ländern und Landschaften</subfield>
   <subfield code="k">Länder (Verwaltungseinheiten)</subfield>
   <subfield code="k">Nordrhein-Westfalen</subfield>
   <subfield code="k">romanisch</subfield>
   <subfield code="0">(DE-627)1274806895</subfield>
   <subfield code="0">(DE-625)rvk/98525:4</subfield>
   <subfield code="0">(DE-576)204806895</subfield>
  </datafield>
  <datafield tag="936" ind1="b" ind2="k">
   <subfield code="a">21.11</subfield>
   <subfield code="j">Wandmalerei</subfield>
   <subfield code="0">(DE-627)10642176X</subfield>
  </datafield>
  <datafield tag="936" ind1="b" ind2="k">
   <subfield code="a">21.70</subfield>
   <subfield code="j">Geschichte der Sakralbaukunst</subfield>
   <subfield code="0">(DE-627)106421255</subfield>
  </datafield>
  <datafield tag="951" ind1=" " ind2=" ">
   <subfield code="a">BO</subfield>
  </datafield>
  <datafield tag="990" ind1=" " ind2=" ">
   <subfield code="a">Westfalen</subfield>
  </datafield>
  <datafield tag="990" ind1=" " ind2=" ">
   <subfield code="a">Kirchenbau</subfield>
  </datafield>
  <datafield tag="990" ind1=" " ind2=" ">
   <subfield code="a">Wandmalerei</subfield>
  </datafield>
  <datafield tag="990" ind1=" " ind2=" ">
   <subfield code="a">Romanik</subfield>
  </datafield>
  <datafield tag="990" ind1=" " ind2=" ">
   <subfield code="a">Geschichte 1160-1270</subfield>
  </datafield>
  <datafield tag="991" ind1=" " ind2=" ">
   <subfield code="a">Rezensiertes Werk</subfield>
  </datafield>
  <datafield tag="999" ind1=" " ind2=" ">
   <subfield code="a">KXP-PPN88040681X</subfield>
   <subfield code="e">4108029828</subfield>
  </datafield>
 </record>
</collection>
